1006 1759 1502 1065 1857 1621 1393 1509 1284 1818 1035 1711 1187 1410 1752 1941 1827 1653 1302 1130 1203 1611 1534 1573 1493 1185 1150 1541 1830 1946 1773 1339 1585 1930 1709 1046 1812 1509 1777 1163 1473 1799 1245 1961 1291 1655 1793 1664 1986 1265 1654 1607 1969 1811 1197 1014 1324 1293 1152 1644 1160 1507 1293 1331 1765 1973 1909 1884 1694 1622 1669 1561 1449 1562 1108 1044 1504 1222 1724 1075 1149 1907 1626 1935 1484 1212 1191 1146 1628 1242 1914 1004 1840 1214 1780 1051 1337 1987 1747 BCNSPRNW ULIB Ver.6.0+V

เปลี่ยนเป็นภาษาไทย

Change to English
 แสดงรายละเอียดบรรณานุกรม
  กลับหน้าหลัก

Brief Record : Get Marc (ISO 2709) : E-mail record : QR code < ปิดหน้าต่าง
LEADER : 00000nam 2200000uu 4500
001    13399128993
003     ULIB
008    250501s2567||||th 000 0 tha d
020  & ^a9786161153410
060  & ^aWY100^bอ442ค^cล.1
100 0  ^aอภิญญา เพียรพิจารณ์.
245 10 ^aคู่มือปฏิบัติการพยาบาล เล่ม 1 /^c อภิญญา เพียรพิจารณ์.
250  & ^aฉบับปรับปรุงครั้งที่ 2.
260  & ^aนนทบุรี : ^bโครงการสวัสดิการวิชาการ สถาบันพระบรมราชชนก,^c 2567.
300  & ^a229 หน้า : ^b ภาพประกอบ.
505 0  ^aหมวดที่ 1 การทำความสะอาดร่างกาย -- หมวดที่ 2 การทำเตียงผู้ป่วย -- หมวดที่ 3 การเคลื่อนย้ายผู้ป่วย -- หมวดที่ 4 การให้ยาและสารน้ำ -- หมวดที่ 5 การวัดสัญญาณชีพ.
650 4  ^aกระบวนการทางการพยาบาล.
710 2  ^aสถาบันพระบรมราชชนก.^b โครงการสวัสดิการวิชาการ.
945    ^p280^l0^i011299
945    ^p280^l0^i011300
945    ^p280^l0^i011301
945    ^p280^l0^i011302
945    ^p280^l0^i011303
945    ^p280^l0^i011304
945    ^p280^l0^i011305
945    ^p280^l0^i011306
945    ^p280^l0^i011307
945    ^p280^l0^i011308
999    ^aประนอม เกษจรัล
รายการนี้ยังไม่มีแท็ก
คุณยังไม่ได้ล็อกอิน คุณสามารถมีกิจกรรมร่วมกับเว็บไซต์ได้ แต่ต้องล็อกอินก่อน ::
  ล็อกอิน

รายการสื่อสารสนเทศ

ลำดับที่ ประเภท เลขเรียก/บาร์โค้ด สถานที่ สถานะ
1. Book การพยาบาล
หนังสือสำรอง
สถานะ=หนังสือสำรอง
WY100 อ442ค ล.1 ฉ.1 
  Barcode: 011299
ห้องสมุดวิทยาเขตสวรรค์ประชารักษ์
►หนังสือทั่วไป
บนชั้น
2. Book การพยาบาล
Book การพยาบาล
WY100 อ442ค ล.1 ฉ.10 
  Barcode: 011308
ห้องสมุดวิทยาเขตสวรรค์ประชารักษ์
►หนังสือทั่วไป
บนชั้น
3. Book การพยาบาล
Book การพยาบาล
WY100 อ442ค ล.1 ฉ.2 
  Barcode: 011300
ห้องสมุดวิทยาเขตสวรรค์ประชารักษ์
►หนังสือทั่วไป
บนชั้น
4. Book การพยาบาล
Book การพยาบาล
WY100 อ442ค ล.1 ฉ.3 
  Barcode: 011301
ห้องสมุดวิทยาเขตสวรรค์ประชารักษ์
►หนังสือทั่วไป
บนชั้น
5. Book การพยาบาล
Book การพยาบาล
WY100 อ442ค ล.1 ฉ.4 
  Barcode: 011302
ห้องสมุดวิทยาเขตสวรรค์ประชารักษ์
►หนังสือทั่วไป
บนชั้น
6. Book การพยาบาล
Book การพยาบาล
WY100 อ442ค ล.1 ฉ.5 
  Barcode: 011303
ห้องสมุดวิทยาเขตสวรรค์ประชารักษ์
►หนังสือทั่วไป
บนชั้น
7. Book การพยาบาล
Book การพยาบาล
WY100 อ442ค ล.1 ฉ.6 
  Barcode: 011304
ห้องสมุดวิทยาเขตสวรรค์ประชารักษ์
►หนังสือทั่วไป
บนชั้น
8. Book การพยาบาล
Book การพยาบาล
WY100 อ442ค ล.1 ฉ.7 
  Barcode: 011305
ห้องสมุดวิทยาเขตสวรรค์ประชารักษ์
►หนังสือทั่วไป
บนชั้น
9. Book การพยาบาล
Book การพยาบาล
WY100 อ442ค ล.1 ฉ.8 
  Barcode: 011306
ห้องสมุดวิทยาเขตสวรรค์ประชารักษ์
►หนังสือทั่วไป
บนชั้น
10. Book การพยาบาล
Book การพยาบาล
WY100 อ442ค ล.1 ฉ.9 
  Barcode: 011307
ห้องสมุดวิทยาเขตสวรรค์ประชารักษ์
►หนังสือทั่วไป
บนชั้น

รายการใกล้เคียง
    ผู้แต่ง [อภิญญา เพียรพิจารณ์.]

    หัวเรื่อง [กระบวนการทางการพยาบาล.]

BibComment


ยังไม่เคยถูกคอมเมนท์

คอมเมนท์ทรัพยากรรายการนี้
  คอมเมนท์: คู่มือปฏิบัติการ..


 Copyright 2026. Bcnsprnw @Library